Определение поперечных размеров подповерхностных дефектов при активном тепловом контроле; Дефектоскопия; № 9

Detalles Bibliográficos
Parent link:Дефектоскопия.— , 1965-
№ 9.— 2016.— [С. 60-63]
Autor Principal: Вавилов В. П. Владимир Платонович
Autor Corporativo: Национальный исследовательский Томский политехнический университет (ТПУ) Институт неразрушающего контроля (ИНК) Лаборатория № 34 (Тепловых методов контроля)
Outros autores: Павар С. С. Сачин Сампатрао
Summary:Заглавие с экрана
Описана практическая реализация метода определения поперечных размеров подповерхностных дефектов путем анализа пространственной производной от температуры в зоне дефектов. Метод проиллюстрирован на примере теплового контроля ударного повреждения в углепластиковом композите.
Режим доступа: по договору с организацией-держателем ресурса
Idioma:ruso
Publicado: 2016
Series:Тепловые методы
Subjects:
Acceso en liña:http://elibrary.ru/item.asp?id=27239399
Formato: MixedMaterials Electrónico Capítulo de libro
KOHA link:https://koha.lib.tpu.ru/cgi-bin/koha/opac-detail.pl?biblionumber=652753

MARC

LEADER 00000naa0a2200000 4500
001 652753
005 20250204164753.0
035 |a (RuTPU)RU\TPU\network\18091 
090 |a 652753 
100 |a 20170125d2016 k||y0rusy50 ca 
101 0 |a rus 
102 |a RU 
135 |a drcn ---uucaa 
181 0 |a i  
182 0 |a b 
200 1 |a Определение поперечных размеров подповерхностных дефектов при активном тепловом контроле  |f В. П. Вавилов, С. С. Павар 
203 |a Текст  |c электронный 
225 1 |a Тепловые методы 
300 |a Заглавие с экрана 
320 |a [Библиогр.: 6 назв.] 
330 |a Описана практическая реализация метода определения поперечных размеров подповерхностных дефектов путем анализа пространственной производной от температуры в зоне дефектов. Метод проиллюстрирован на примере теплового контроля ударного повреждения в углепластиковом композите. 
333 |a Режим доступа: по договору с организацией-держателем ресурса 
461 |t Дефектоскопия  |d 1965- 
463 |t № 9  |v [С. 60-63]  |d 2016 
610 1 |a электронный ресурс 
610 1 |a труды учёных ТПУ 
610 1 |a дефектометрия 
610 1 |a дефекты 
610 1 |a композиты 
610 1 |a томография 
700 1 |a Вавилов  |b В. П.  |c специалист в области неразрушающего контроля  |c профессор Томского политехнического университета, доктор технических наук  |f 1949-  |g Владимир Платонович  |3 (RuTPU)RU\TPU\pers\19772  |9 7710 
701 1 |a Павар  |b С. С.  |c специалист в области неразрушающего контроля  |c младший научный сотрудник Томского политехнического университета  |f 1980-  |g Сачин Сампатрао  |3 (RuTPU)RU\TPU\pers\35939 
712 0 2 |a Национальный исследовательский Томский политехнический университет (ТПУ)  |b Институт неразрушающего контроля (ИНК)  |b Лаборатория № 34 (Тепловых методов контроля)  |3 (RuTPU)RU\TPU\col\19616 
801 2 |a RU  |b 63413507  |c 20170125  |g RCR 
856 4 |u http://elibrary.ru/item.asp?id=27239399 
942 |c CF